Pokédex d'Unys (N2B2) - Statistiques

Statistiques générales
  • Ce quiz a été pris 218 fois
  • Le résultat moyen est 179 sur 301
Statistiques - réponses
Numéro Pokémon % Correct
001 Vipélierre
97%
005 Grotichon
96%
004 Gruikui
96%
006 Roitiflam
96%
003 Majaspic
94%
007 Moustillon
94%
002 Lianaja
93%
010 Ratentif
93%
000 Victini
93%
009 Clamiral
91%
008 Mateloutre
91%
014 Poichigeon
91%
012 Chacripan
88%
016 Déflaisan
88%
296 Zekrom
88%
018 Couverdure
87%
100 Escroco
87%
013 Léopardus
87%
011 Miradar
87%
022 Ponchiot
87%
295 Reshiram
87%
015 Colombeau
85%
101 Crocorible
85%
144 Emolga
85%
017 Larveyette
85%
019 Manternel
85%
023 Ponchien
85%
037 Feuillajou
84%
039 Flamajou
84%
041 Flotajou
84%
099 Mascaïman
84%
024 Mastouffe
84%
103 Darumacho
82%
102 Darumarond
82%
077 Minotaupe
82%
185 Tranchodon
82%
183 Coupenotte
81%
200 Démétéros
81%
038 Feuiloutan
81%
297 Kyurem
81%
076 Rototaupe
81%
153 Couaneton
79%
040 Flamoutan
79%
042 Flotoutan
79%
199 Fulguris
79%
088 Mélo
79%
036 Nanméouïe
79%
184 Incisache
78%
154 Lakmécygne
78%
273 Solochi
78%
226 Terrakium
78%
275 Trioxhydre
78%
147 Zébibron
78%
148 Zéblitz
78%
225 Cobaltium
76%
227 Viridium
76%
180 Viskuse
76%
151 Zorua
76%
075 Bétochef
75%
198 Boréas
75%
073 Charpenti
75%
274 Diamat
75%
197 Hexagel
75%
298 Keldeo
75%
299 Meloetta
75%
124 Tutafeh
75%
043 Venipatte
75%
152 Zoroark
75%
126 Carapagos
73%
115 Crabicoque
73%
156 Lançargot
73%
086 Munna
73%
068 Nodulithe
73%
074 Ouvrifier
73%
196 Polagriffe
73%
172 Pyrax
73%
159 Vivaldaim
73%
128 Arkéapti
72%
300 Genesect
72%
069 Géolithe
72%
158 Limaspeed
72%
192 Lugulabre
72%
195 Polarhume
72%
171 Pyronille
72%
044 Scobolide
72%
141 Symbios
72%
157 Escargaume
70%
091 Évoli
70%
070 Gigalithe
70%
160 Haydaim
70%
267 Judokrak
70%
181 Moyade
70%
087 Mushana
70%
139 Nucléos
70%
177 Anchwatt
69%
092 Aquali
69%
117 Baggiguane
69%
066 Chovsourir
69%
116 Crabaraque
69%
056 Élekid
69%
190 Funécire
69%
105 Miamiasme
69%
106 Miasmax
69%
094 Pyroli
69%
033 Riolu
69%
125 Tutankafer
69%
118 Baggaïd
67%
045 Brutapode
67%
155 Carabing
67%
084 Chlorobule
67%
058 Élekable
67%
085 Fragilady
67%
034 Lucario
67%
140 Méios
67%
090 Mélodelfe
67%
089 Mélofée
67%
179 Ohmassacre
67%
067 Rhinolove
67%
136 Scrutella
67%
138 Sidérella
67%
173 Statitik
67%
129 Aéroptéryx
66%
098 Givrali
66%
175 Grindur
66%
268 Karaclée
66%
178 Lampéroie
66%
053 Magby
66%
048 Magnéti
66%
096 Noctali
66%
093 Voltali
66%
104 Bargantua
64%
229 Batracné
64%
107 Chinchidou
64%
131 Clic
64%
132 Cliticlic
64%
270 Drakkarmin
64%
057 Élektek
64%
272 Golemastoc
64%
054 Magmar
64%
049 Magnéton
64%
050 Magnézone
64%
127 Mégapagos
64%
095 Mentali
64%
137 Mesmérella
64%
174 Mygavolt
64%
176 Noacier
64%
062 Nosferalto
64%
097 Phyllali
64%
255 Sorbébé
64%
257 Sorbouboul
64%
256 Sorboul
64%
130 Tic
64%
112 Vaututrice
64%
111 Vostourno
64%
025 Wattouat
64%
230 Crapustule
63%
120 Cryptéro
63%
194 Fermite
63%
109 Furaiglon
63%
271 Gringolem
63%
065 Grotadmorv
63%
110 Gueriaigle
63%
055 Maganon
63%
191 Mélancolux
63%
061 Nosferapti
63%
063 Nostenfer
63%
220 Shaofouine
63%
193 Aflamanoir
61%
083 Farfaduvet
61%
108 Pashmilla
61%
027 Pharamp
61%
046 Smogo
61%
047 Smogogo
61%
228 Tritonde
61%
082 Doudouvet
60%
026 Lainergie
60%
224 Scalproie
60%
064 Tadmorv
60%
219 Kungfouine
58%
119 Maracachi
58%
223 Scalpion
58%
162 Gaulet
57%
188 Lewsor
57%
182 Mamanbo
57%
264 Métalosse
57%
161 Trompignon
57%
231 Limonde
55%
052 Arcanin
54%
071 Onix
54%
059 Rattata
54%
113 Sabelette
54%
114 Sablaireau
54%
072 Steelix
54%
032 Azumarill
52%
051 Caninos
52%
031 Marill
52%
263 Métang
52%
189 Neitram
52%
060 Rattatac
52%
262 Terhal
52%
030 Azurill
51%
121 Kraknoix
51%
123 Libégon
51%
028 Psykokwak
51%
122 Vibraninf
51%
029 Akwakwak
49%
252 Farfuret
49%
253 Dimoret
48%
149 Mustébouée
48%
150 Mustéflott
48%
166 Galekid
46%
135 Roserade
46%
145 Scarhino
46%
203 Airmure
45%
247 Altaria
45%
269 Frison
45%
134 Rosélia
45%
146 Scarabrute
45%
246 Tylton
45%
143 Apireine
43%
142 Apitrini
43%
234 Démanta
43%
167 Galegon
43%
168 Galeking
43%
283 Grodoudou
43%
021 Héliatronc
43%
282 Rondoudou
43%
133 Rozbouton
43%
020 Tournegrin
43%
233 Babimanta
42%
169 Balbuto
42%
208 Baudrive
42%
209 Grodrive
42%
035 Insolourdo
42%
281 Toudoudou
42%
259 Cochignon
40%
170 Kaorine
40%
080 Laporeille
40%
081 Lockpin
40%
260 Mammochon
40%
258 Marcacrin
40%
187 Séviper
40%
164 Tarinor
40%
165 Tarinorme
40%
079 Delcatty
39%
236 Octillery
39%
235 Rémoraid
39%
078 Skitty
39%
216 Absol
37%
218 Bouldeneu
37%
249 Feunard
37%
248 Goupix
37%
242 Lokhlass
37%
217 Saquedeneu
37%
240 Wailmer
37%
241 Wailord
37%
213 Bekipan
36%
211 Branette
36%
204 Chamallot
36%
212 Goélise
36%
238 Stari
36%
239 Staross
36%
205 Camérupt
34%
245 Kaimorse
34%
186 Mangriff
34%
243 Obalie
34%
244 Phogleur
34%
221 Scorplane
34%
222 Scorvol
34%
214 Séléroc
34%
210 Polichombr
33%
201 Rapion
33%
215 Solaroc
33%
288 Tropius
33%
294 Tyranocif
33%
254 Cadoizo
31%
285 Coudlangue
31%
292 Embrylex
31%
284 Excelangue
31%
207 Groret
31%
206 Spoink
31%
293 Ymphect
31%
250 Archéomire
30%
202 Drascore
30%
261 Métamorph
30%
291 Coatox
28%
290 Cradopaud
28%
266 Lamantine
28%
265 Otaria
28%
251 Archéodong
27%
163 Morphéo
27%
286 Yanma
27%
287 Yanmega
27%
276 Parecool
25%
237 Corayon
24%
278 Monaflèmit
24%
277 Vigoroth
22%
289 Vortente
22%
280 Colhomard
21%
279 Écrapince
21%
232 Caratroc
16%
Aucun quiz correspondant
Distribution des résultats
% des personnes avec chaque résultat
Percentile par nombre de réponses
Votre historique - résultats
Vous n’avez pas pris ce quiz